<?xml version="1.0" encoding="UTF-8"?>
<record
    xmlns:xsi="http://www.w3.org/2001/XMLSchema-instance"
    xsi:schemaLocation="http://www.loc.gov/MARC21/slim http://www.loc.gov/standards/marcxml/schema/MARC21slim.xsd"
    xmlns="http://www.loc.gov/MARC21/slim">

  <leader>02981cam a2200349 i 4500</leader>
  <datafield tag="999" ind1=" " ind2=" ">
    <subfield code="c">7644</subfield>
    <subfield code="d">7644</subfield>
  </datafield>
  <controlfield tag="001">991059737108806706</controlfield>
  <controlfield tag="003">OSt</controlfield>
  <controlfield tag="005">20220217110326.0</controlfield>
  <controlfield tag="008">211019e202109  spca          0|0 0 cat|c</controlfield>
  <datafield tag="015" ind1=" " ind2=" ">
    <subfield code="a">LL2021</subfield>
    <subfield code="2">bnc</subfield>
  </datafield>
  <datafield tag="017" ind1=" " ind2=" ">
    <subfield code="a">DL B 13992-2021</subfield>
    <subfield code="b">Biblioteca de Catalunya</subfield>
  </datafield>
  <datafield tag="020" ind1=" " ind2=" ">
    <subfield code="a">9788409328468</subfield>
    <subfield code="q">(r&#xFA;stica)</subfield>
  </datafield>
  <datafield tag="035" ind1=" " ind2=" ">
    <subfield code="a">(OCoLC)1286218073</subfield>
  </datafield>
  <datafield tag="040" ind1=" " ind2=" ">
    <subfield code="a">ES-BaAHC</subfield>
    <subfield code="b">cat</subfield>
    <subfield code="e">rda</subfield>
    <subfield code="c">CDMR</subfield>
  </datafield>
  <datafield tag="043" ind1=" " ind2=" ">
    <subfield code="a">e-sp---</subfield>
    <subfield code="b">e-spc--</subfield>
    <subfield code="2">catmarc</subfield>
  </datafield>
  <datafield tag="080" ind1=" " ind2=" ">
    <subfield code="a">070</subfield>
    <subfield code="x">(460.23)</subfield>
    <subfield code="x">"19"</subfield>
    <subfield code="2">2004</subfield>
  </datafield>
  <datafield tag="080" ind1=" " ind2=" ">
    <subfield code="a">070</subfield>
    <subfield code="x">(460.23)</subfield>
    <subfield code="x">"20"</subfield>
    <subfield code="2">2004</subfield>
  </datafield>
  <datafield tag="245" ind1="0" ind2="0">
    <subfield code="a">Periodismes /</subfield>
    <subfield code="c">coordinat per Francesc Canosa Farran</subfield>
  </datafield>
  <datafield tag="264" ind1=" " ind2="1">
    <subfield code="a">Barcelona :</subfield>
    <subfield code="b">Fundaci&#xF3; Revista de Catalunya,</subfield>
    <subfield code="c">2021</subfield>
  </datafield>
  <datafield tag="300" ind1=" " ind2=" ">
    <subfield code="a">245 p&#xE0;gines :</subfield>
    <subfield code="b">il&#xB7;lustracions (algunes en color);</subfield>
    <subfield code="c">23 cm</subfield>
  </datafield>
  <datafield tag="490" ind1="1" ind2=" ">
    <subfield code="a">Edicions de la Revista de Catalunya ;</subfield>
    <subfield code="v">08</subfield>
  </datafield>
  <datafield tag="504" ind1=" " ind2=" ">
    <subfield code="a">Inclou refer&#xE8;ncies bibliogr&#xE0;fiques</subfield>
  </datafield>
  <datafield tag="505" ind1="8" ind2=" ">
    <subfield code="a">Cont&#xE9;:: Presentaci&#xF3; / Agust&#xED; Pons -- Sentir les palpitacions dels temps / Francesc Canosa Farran -- El naixement de la premsa a Catalunya / Xevi Camprub&#xED; -- Una cadena de paper trencada / Carles Geli -- La premsa digital: clarobscurs de la gran revoluci&#xF3; / Vicent Partal -- Tants caps tants c&#xE0;nons / Josep Maria Casas&#xFA;s i Guri -- &#x201C;No vull, no vull...&#x201D; El meu c&#xE0;non del periodisme catal&#xE0; / Juli&#xE0; Guillamon  -- Un viatge per la generaci&#xF3; d&#x2019;esmolets refinats / Anna Ballbona -- El periodisme &#xE9;s un g&#xE8;nere (literari?) / Vicen&#xE7; Villatoro -- La comunicaci&#xF3; i el periodisme de la cultura de masses a l&#x2019;era de la informaci&#xF3; / Enric Marin i Otto -- L&#x2019;objectivitat, l&#x2019;epid&#xE8;mia que es transmet via ignor&#xE0;ncia / Francesc Burguet Ardiaca -- En defensa del rumor / Marc Argem&#xED; Ballb&#xE8; -- Llibertat de premsa / Joan Maria Morros Cuadras -- Pol&#xED;tica i periodisme, valgui la repugn&#xE0;ncia / Francesc-Marc &#xC1;lvaro -- La intel&#xB7;lig&#xE8;ncia artificial, salvar&#xE0; o acabar&#xE0; amb el periodisme? / Karma Peir&#xF3; -- La trans/formaci&#xF3; dels periodistes : Professionals de la informaci&#xF3; per a la quarta revoluci&#xF3; industrial  / Josep-Llu&#xED;s Mic&#xF3;-Sanz -- Precarietat laboral, l'amena&#xE7;a silenciosa del periodisme / Laura Fanals Gubau -- &#x201C;Investigative reporting&#x201D;. De la mobilitzaci&#xF3; gihadista als atemptats del 17-A. Un exemple de cas / Anna Teixidor Colomer -- Petites redaccions, grans hist&#xF2;ries. La bona salut de la premsa comarcal a Catalunya / Anna S&#xE0;ez Mateu -- La superviv&#xE8;ncia? La confian&#xE7;a! / Antoni Maria Piqu&#xE9; i Albert S&#xE1;ez -- Tres generacions de periodistes / Magda Gregori Borrell  -- Els estudiants de Periodisme : el futur del periodisme / Mar Berm&#xFA;dez Jim&#xE9;nez</subfield>
  </datafield>
  <datafield tag="650" ind1=" " ind2="7">
    <subfield code="a">Periodisme</subfield>
    <subfield code="z">Catalunya</subfield>
    <subfield code="x">Hist&#xF2;ria</subfield>
    <subfield code="y">S. XX</subfield>
    <subfield code="v">Reculls d'escrits.</subfield>
    <subfield code="2">lemac</subfield>
  </datafield>
  <datafield tag="650" ind1=" " ind2="7">
    <subfield code="a">Periodisme</subfield>
    <subfield code="z">Catalunya</subfield>
    <subfield code="x">Hist&#xF2;ria</subfield>
    <subfield code="y">S. XXI</subfield>
    <subfield code="v">Reculls d'escrits.</subfield>
    <subfield code="2">lemac</subfield>
  </datafield>
  <datafield tag="700" ind1="1" ind2=" ">
    <subfield code="a">Canosa i Farran, Francesc,</subfield>
  </datafield>
  <datafield tag="710" ind1="2" ind2=" ">
    <subfield code="a">Fundaci&#xF3; Revista de Catalunya,</subfield>
  </datafield>
  <datafield tag="830" ind1=" " ind2="0">
    <subfield code="a">Edicions de la Revista de Catalunya (2017) ;</subfield>
    <subfield code="v">08</subfield>
  </datafield>
  <datafield tag="908" ind1=" " ind2=" ">
    <subfield code="a">UJI</subfield>
    <subfield code="a">BAB</subfield>
    <subfield code="a">URL</subfield>
    <subfield code="a">AHCB</subfield>
    <subfield code="a">BMON</subfield>
    <subfield code="a">ANC</subfield>
    <subfield code="a">URV</subfield>
    <subfield code="a">CLR</subfield>
    <subfield code="a">UPF</subfield>
    <subfield code="a">UB</subfield>
    <subfield code="a">UAB</subfield>
    <subfield code="a">BC</subfield>
  </datafield>
  <datafield tag="940" ind1=" " ind2=" ">
    <subfield code="a">UJI</subfield>
  </datafield>
  <datafield tag="942" ind1=" " ind2=" ">
    <subfield code="2">udc</subfield>
    <subfield code="c">MON</subfield>
  </datafield>
  <datafield tag="952" ind1=" " ind2=" ">
    <subfield code="0">0</subfield>
    <subfield code="1">0</subfield>
    <subfield code="4">0</subfield>
    <subfield code="7">0</subfield>
    <subfield code="a">CDMR</subfield>
    <subfield code="b">CDMR</subfield>
    <subfield code="d">2022-02-17</subfield>
    <subfield code="e">Donaci&#xF3;</subfield>
    <subfield code="g">16.00</subfield>
    <subfield code="l">0</subfield>
    <subfield code="o">Du 9/65</subfield>
    <subfield code="p">CDMR22020009</subfield>
    <subfield code="r">2022-02-17</subfield>
    <subfield code="w">2022-02-17</subfield>
    <subfield code="y">MON</subfield>
  </datafield>
</record>
